Siri Fungsi Anatomi Manusai

Bibliographic Details
Main Author: Mahendra, L
Format: Book
Published: Kuala Lumpur : Arenabuku , 1990
Subjects:

MARC

LEADER 00000cam a2200000 7i4500
001 0000005491
002 000005936
005 20000330.0
020 |a 9679701212 
090 0 0 |a JR 611   |b FUN 
100 1 |a Mahendra, L 
245 1 0 |a Siri Fungsi Anatomi Manusai   |c Mahendra L 
260 |a Kuala Lumpur :   |b Arenabuku ,   |c 1990 
300 |a Pagination varies ;   |c 29 cm. 
500 |a Perpustakaan mempunyai 10 judul 
650 0 0 |a Human anatomy   |x Juvenile literature 
999 |a 021970   |b ENSIKLOPEDIA KANAK-KANAK   |c JUNIOR BOOKS   |e PERPUSTAKAAN KOMUNITI PETALING JAYA